[Event "DEM U14 2024"]
[Site "Willingen GER"]
[Date "2024.05.19"]
[Round "2"]
[White "Herrmann, Arthur"]
[Black "Sydykov, Bayastan"]
[Result "1/2-1/2"]
[Termination "normal"]
[Board "5"]
[WhiteElo "1929"]
[BlackElo "2181"]
[WhiteClock "00:28:10"]
[BlackClock "00:25:15"]
[PlyCount "82"]
[WhiteFideId "16287150"]
[BlackFideId "13829610"]
[EventCountry "GER"]
[EventRounds "9"]
[EventType "swiss"]
[EventDate "2024.05.18"]

1. e4 {[%clk 01:30:56]} {[%emt 00:00:02]} e6 {[%clk 01:30:54]} {[%emt
00:00:07]} 2. d4 {[%clk 01:31:20]} {[%emt 00:00:06]} d5 {[%clk 01:31:20]}
{[%emt 00:00:04]} 3. Nc3 {[%clk 01:31:44]} {[%emt 00:00:06]} Nf6 {[%clk
01:31:40]} {[%emt 00:00:11]} 4. e5 {[%clk 01:32:07]} {[%emt 00:00:06]} Nfd7
{[%clk 01:32:06]} {[%emt 00:00:04]} 5. f4 {[%clk 01:32:33]} {[%emt 00:00:05]}
c5 {[%clk 01:32:20]} {[%emt 00:00:16]} 6. Nf3 {[%clk 01:32:55]} {[%emt
00:00:07]} Nc6 {[%clk 01:32:19]} {[%emt 00:00:31]} 7. Be3 {[%clk 01:33:07]}
{[%emt 00:00:18]} a6 {[%clk 01:30:44]} {[%emt 00:02:05]} 8. Qd2 {[%clk
01:31:42]} {[%emt 00:01:54]} Be7 {[%clk 01:25:40]} {[%emt 00:05:34]} 9. Be2
{[%clk 01:27:28]} {[%emt 00:04:44]} O-O {[%clk 01:00:58]} {[%emt 00:25:13]} 10.
O-O {[%clk 01:22:46]} {[%emt 00:05:11]} f6 {[%clk 00:52:36]} {[%emt 00:08:51]}
11. exf6 {[%clk 01:08:27]} {[%emt 00:14:48]} Rxf6 {[%clk 00:49:25]} {[%emt
00:03:42]} 12. Rae1 {[%clk 00:53:43]} {[%emt 00:15:14]} Rf8 {[%clk 00:21:00]}
{[%emt 00:28:55]} 13. Nd1 {[%clk 00:42:54]} {[%emt 00:11:19]} Nf6 {[%clk
00:17:07]} {[%emt 00:04:23]} 14. c3 {[%clk 00:35:28]} {[%emt 00:07:56]} cxd4
{[%clk 00:11:26]} {[%emt 00:06:11]} 15. Nxd4 {[%clk 00:33:56]} {[%emt
00:02:02]} Bd6 {[%clk 00:11:07]} {[%emt 00:00:49]} 16. Nf2 {[%clk 00:29:40]}
{[%emt 00:04:45]} Qc7 {[%clk 00:09:31]} {[%emt 00:02:06]} 17. Nd3 {[%emt
00:09:19]} Bd7 {[%emt 00:00:35]} 18. Bf3 {[%clk 00:19:00]} {[%emt 00:03:29]}
Ne4 {[%clk 00:06:20]} {[%emt 00:02:28]} 19. Qc2 {[%clk 00:16:11]} {[%emt
00:03:20]} Rae8 {[%clk 00:04:45]} {[%emt 00:02:05]} 20. g3 {[%clk 00:12:31]}
{[%emt 00:04:10]} Nf6 {[%clk 00:03:43]} {[%emt 00:01:32]} 21. Nxc6 {[%clk
00:11:29]} {[%emt 00:01:32]} bxc6 {[%clk 00:03:46]} {[%emt 00:00:27]} 22. b4
{[%clk 00:09:11]} {[%emt 00:02:48]} e5 {[%clk 00:02:50]} {[%emt 00:01:26]} 23.
fxe5 {[%clk 00:08:43]} {[%emt 00:00:58]} Bxe5 {[%clk 00:03:19]} {[%emt
00:00:01]} 24. Nxe5 {[%clk 00:07:15]} {[%emt 00:01:58]} Qxe5 {[%clk 00:03:09]}
{[%emt 00:00:40]} 25. Bf2 {[%clk 00:06:17]} {[%emt 00:01:27]} Ne4 {[%clk
00:01:56]} {[%emt 00:01:44]} 26. Bxe4 {[%clk 00:04:47]} {[%emt 00:02:00]} dxe4
{[%clk 00:02:22]} {[%emt 00:00:03]} 27. Bd4 {[%clk 00:04:34]} {[%emt 00:00:44]}
Rxf1+ {[%clk 00:02:26]} {[%emt 00:00:26]} 28. Rxf1 {[%clk 00:04:45]} {[%emt
00:00:18]} Qd5 {[%clk 00:02:13]} {[%emt 00:00:44]} 29. Rd1 {[%clk 00:03:25]}
{[%emt 00:01:50]} Bg4 {[%clk 00:02:05]} {[%emt 00:00:41]} 30. Re1 {[%emt
00:04:52]} Bh3 {[%clk 00:01:10]} {[%emt 00:00:02]} 31. Qb3 {[%clk 00:01:58]}
{[%emt 00:00:05]} Kh8 {[%clk 00:00:55]} {[%emt 00:00:05]} 32. Qxd5 {[%clk
00:01:50]} {[%emt 00:00:08]} cxd5 {[%clk 00:01:24]} {[%emt 00:00:01]} 33. Kf2
{[%clk 00:01:34]} {[%emt 00:00:45]} Rf8+ {[%clk 00:01:23]} {[%emt 00:00:33]}
34. Ke3 {[%clk 00:01:27]} {[%emt 00:00:36]} Rf3+ {[%clk 00:00:46]} {[%emt
00:01:07]} 35. Kd2 {[%clk 00:01:38]} {[%emt 00:00:18]} Bd7 {[%clk 00:00:43]}
{[%emt 00:00:34]} 36. Re3 {[%clk 00:01:06]} {[%emt 00:01:02]} Rf1 {[%clk
00:00:39]} {[%emt 00:00:34]} 37. Re1 {[%clk 00:01:17]} {[%emt 00:00:18]} Rf5
{[%clk 00:00:41]} {[%emt 00:00:29]} 38. Re2 {[%clk 00:00:58]} {[%emt 00:00:49]}
Rf3 {[%clk 00:00:38]} {[%emt 00:00:33]} 39. Re3 {[%clk 00:00:36]} {[%emt
00:00:52]} Rf2+ {[%clk 00:00:38]} {[%emt 00:00:30]} 40. Re2 {[%clk 00:00:58]}
{[%emt 00:00:07]} Rf3 {[%clk 00:00:49]} {[%emt 00:00:19]} 41. Re3 {[%clk
00:28:10]} {[%emt 00:03:19]} Rf2+ {[%clk 00:25:15]} {[%emt 00:06:04]} 1/2-1/2

[Event "DEM U14 2024"]
[Site "Willingen GER"]
[Date "2024.05.19"]
[Round "2"]
[White "Türel, Tugrul"]
[Black "Albrecht, Neil"]
[Result "0-1"]
[Termination "normal"]
[Board "6"]
[WhiteElo "2070"]
[BlackElo "1938"]
[WhiteClock "00:20:47"]
[BlackClock "00:30:42"]
[PlyCount "120"]
[WhiteFideId "26338408"]
[BlackFideId "34621091"]
[EventCountry "GER"]
[EventRounds "9"]
[EventType "swiss"]
[EventDate "2024.05.18"]

1. e4 {[%clk 01:30:57]} {[%emt 00:00:02]} c5 {[%clk 01:30:50]} {[%emt
00:00:11]} 2. Nf3 {[%clk 01:31:23]} {[%emt 00:00:04]} a6 {[%clk 01:31:12]}
{[%emt 00:00:08]} 3. c4 {[%clk 01:31:49]} {[%emt 00:00:04]} Nc6 {[%clk
01:31:21]} {[%emt 00:00:21]} 4. d4 {[%clk 01:32:15]} {[%emt 00:00:04]} cxd4
{[%clk 01:28:31]} {[%emt 00:03:20]} 5. Nxd4 {[%clk 01:32:41]} {[%emt 00:00:04]}
e5 {[%clk 01:28:52]} {[%emt 00:00:09]} 6. Nf5 {[%clk 01:33:07]} {[%emt
00:00:03]} d5 {[%clk 01:28:39]} {[%emt 00:00:44]} 7. cxd5 {[%clk 01:33:32]}
{[%emt 00:00:05]} Bxf5 {[%clk 01:28:52]} {[%emt 00:00:16]} 8. exf5 {[%clk
01:33:57]} {[%emt 00:00:04]} Nd4 {[%clk 01:29:10]} {[%emt 00:00:12]} 9. Nc3
{[%clk 01:34:22]} {[%emt 00:00:06]} Nf6 {[%clk 01:28:41]} {[%emt 00:00:59]} 10.
Bd3 {[%clk 01:33:53]} {[%emt 00:00:59]} Be7 {[%clk 01:28:11]} {[%emt 00:01:00]}
11. O-O {[%clk 01:33:30]} {[%emt 00:00:52]} O-O {[%clk 01:28:15]} {[%emt
00:00:26]} 12. Re1 {[%clk 01:32:33]} {[%emt 00:01:27]} Nxd5 {[%clk 01:28:08]}
{[%emt 00:00:37]} 13. Rxe5 {[%clk 01:29:21]} {[%emt 00:03:43]} Nxc3 {[%clk
01:27:40]} {[%emt 00:00:58]} 14. bxc3 {[%clk 01:29:46]} {[%emt 00:00:04]} Bf6
{[%clk 01:27:12]} {[%emt 00:00:59]} 15. Re1 {[%clk 01:23:58]} {[%emt 00:06:18]}
Nb5 {[%clk 01:26:01]} {[%emt 00:01:40]} 16. Bxb5 {[%clk 01:17:12]} {[%emt
00:07:16]} axb5 {[%clk 01:25:52]} {[%emt 00:00:40]} 17. Qc2 {[%clk 01:10:51]}
{[%emt 00:06:50]} b4 {[%clk 01:16:02]} {[%emt 00:10:21]} 18. Bb2 {[%clk
01:08:40]} {[%emt 00:02:41]} bxc3 {[%clk 01:13:10]} {[%emt 00:03:22]} 19. Bxc3
{[%clk 01:09:02]} {[%emt 00:00:07]} Qc7 {[%clk 01:12:32]} {[%emt 00:01:08]} 20.
Rac1 {[%clk 01:05:34]} {[%emt 00:03:59]} Rfc8 {[%clk 01:05:32]} {[%emt
00:07:29]} 21. Re3 {[%clk 01:05:39]} {[%emt 00:00:25]} Bg5 {[%clk 00:59:19]}
{[%emt 00:06:43]} 22. Rg3 {[%clk 01:00:01]} {[%emt 00:06:08]} Bxc1 {[%clk
00:57:32]} {[%emt 00:02:17]} 23. Rxg7+ {[%clk 00:48:10]} {[%emt 00:12:21]} Kf8
{[%clk 00:57:47]} {[%emt 00:00:16]} 24. Rg3 {[%clk 00:48:13]} {[%emt 00:00:26]}
Bg5 {[%clk 00:39:24]} {[%emt 00:18:53]} 25. Bb4+ {[%clk 00:42:55]} {[%emt
00:05:48]} Be7 {[%clk 00:37:58]} {[%emt 00:01:56]} 26. Rc3 {[%clk 00:39:23]}
{[%emt 00:04:02]} Qd7 {[%clk 00:36:31]} {[%emt 00:01:58]} 27. Bxe7+ {[%clk
00:31:01]} {[%emt 00:08:51]} Kxe7 {[%clk 00:36:40]} {[%emt 00:00:21]} 28. Re3+
{[%clk 00:24:41]} {[%emt 00:06:49]} Kf8 {[%clk 00:35:56]} {[%emt 00:01:15]} 29.
Qb1 {[%clk 00:25:06]} {[%emt 00:00:05]} Qc6 {[%clk 00:32:47]} {[%emt 00:03:34]}
30. Re1 {[%clk 00:23:08]} {[%emt 00:02:32]} Ra4 {[%clk 00:29:34]} {[%emt
00:03:43]} 31. h3 {[%clk 00:23:11]} {[%emt 00:00:27]} Rc4 {[%clk 00:28:53]}
{[%emt 00:01:12]} 32. Kh2 {[%clk 00:22:33]} {[%emt 00:01:08]} Qc7+ {[%clk
00:28:14]} {[%emt 00:01:09]} 33. g3 {[%clk 00:22:38]} {[%emt 00:04:54]} Rc2
{[%clk 00:27:39]} 34. Rf1 {[%clk 00:20:42]} {[%emt 00:00:38]} Qc4 {[%clk
00:26:25]} {[%emt 00:00:04]} 35. Kg2 {[%clk 00:20:41]} {[%emt 00:00:35]} Rxa2
{[%clk 00:24:37]} {[%emt 00:02:18]} 36. f6 {[%clk 00:18:07]} {[%emt 00:03:04]}
Rc2 {[%clk 00:24:25]} {[%emt 00:00:41]} 37. Qe1 {[%clk 00:16:56]} {[%emt
00:01:41]} Qc6+ {[%clk 00:23:57]} {[%emt 00:00:59]} 38. Kg1 {[%clk 00:17:17]}
{[%emt 00:00:08]} Qxf6 {[%clk 00:23:58]} {[%emt 00:00:29]} 39. Qb4+ {[%clk
00:17:45]} {[%emt 00:00:03]} Kg8 {[%clk 00:23:45]} {[%emt 00:00:42]} 40. Qxb7
{[%clk 00:18:01]} {[%emt 00:00:14]} Rc1 {[%clk 00:23:48]} {[%emt 00:00:27]} 41.
Qb4 {[%clk 00:16:12]} {[%emt 00:02:17]} Rxf1+ {[%clk 00:24:06]} {[%emt
00:00:15]} 42. Kxf1 {[%clk 00:16:39]} {[%emt 00:00:03]} Rc1+ {[%clk 00:24:10]}
{[%emt 00:00:25]} 43. Ke2 {[%clk 00:16:43]} {[%emt 00:00:26]} Qe6+ {[%clk
00:24:08]} {[%emt 00:00:31]} 44. Kf3 {[%clk 00:16:08]} {[%emt 00:01:06]} Qd5+
{[%clk 00:24:18]} {[%emt 00:00:21]} 45. Ke3 {[%clk 00:16:24]} {[%emt 00:00:13]}
Qc5+ {[%clk 00:24:43]} {[%emt 00:00:06]} 46. Qxc5 {[%clk 00:16:43]} {[%emt
00:00:11]} Rxc5 {[%clk 00:25:09]} {[%emt 00:00:03]} 47. h4 {[%clk 00:16:57]}
{[%emt 00:00:17]} Kg7 {[%clk 00:25:29]} {[%emt 00:00:10]} 48. Kf4 {[%clk
00:17:21]} {[%emt 00:00:06]} Kf6 {[%clk 00:25:54]} {[%emt 00:00:05]} 49. g4
{[%clk 00:17:43]} {[%emt 00:00:07]} h5 {[%clk 00:26:15]} {[%emt 00:00:10]} 50.
gxh5 {[%clk 00:17:12]} {[%emt 00:01:01]} Rxh5 {[%clk 00:26:34]} {[%emt
00:00:11]} 51. Kg4 {[%clk 00:17:40]} {[%emt 00:00:02]} Rd5 {[%clk 00:26:53]}
{[%emt 00:00:10]} 52. h5 {[%clk 00:17:52]} {[%emt 00:00:19]} Kg7 {[%clk
00:27:18]} {[%emt 00:00:05]} 53. f4 {[%clk 00:18:17]} {[%emt 00:00:05]} Kh6
{[%clk 00:27:44]} {[%emt 00:00:03]} 54. f5 {[%clk 00:18:41]} {[%emt 00:00:07]}
Rd4+ {[%clk 00:28:09]} {[%emt 00:00:05]} 55. Kf3 {[%clk 00:19:04]} {[%emt
00:00:07]} Kxh5 {[%clk 00:28:35]} {[%emt 00:00:04]} 56. Ke3 {[%clk 00:19:29]}
{[%emt 00:00:05]} Ra4 {[%clk 00:29:00]} {[%emt 00:00:05]} 57. f6 {[%clk
00:19:44]} {[%emt 00:00:15]} Kg5 {[%clk 00:29:25]} {[%emt 00:00:04]} 58. Kd3
{[%clk 00:20:04]} {[%emt 00:00:11]} Kxf6 {[%clk 00:29:50]} {[%emt 00:00:04]}
59. Kc3 {[%clk 00:20:28]} {[%emt 00:00:07]} Ke5 {[%clk 00:30:16]} {[%emt
00:00:04]} 60. Kb3 {[%clk 00:20:47]} {[%emt 00:00:10]} Rd4 {[%clk 00:30:42]}
{[%emt 00:00:04]} 0-1

[Event "DEM U14 2024"]
[Site "Willingen GER"]
[Date "2024.05.19"]
[Round "2"]
[White "Malinowsky, Levi"]
[Black "Lu, Yunong Elias"]
[Result "1-0"]
[Termination "normal"]
[Board "7"]
[WhiteTitle "CM"]
[WhiteElo "1990"]
[BlackElo "1990"]
[WhiteClock "00:25:12"]
[BlackClock "00:20:33"]
[PlyCount "91"]
[WhiteFideId "16253094"]
[BlackFideId "16276426"]
[EventCountry "GER"]
[EventRounds "9"]
[EventType "swiss"]
[EventDate "2024.05.18"]

1. e4 {[%clk 01:30:57]} {[%emt 00:00:02]} e5 {[%clk 01:30:50]} {[%emt
00:00:11]} 2. Nf3 {[%clk 01:31:15]} {[%emt 00:00:12]} Nc6 {[%clk 01:31:13]}
{[%emt 00:00:08]} 3. Bb5 {[%clk 01:31:25]} {[%emt 00:00:19]} a6 {[%clk
01:31:34]} {[%emt 00:00:09]} 4. Ba4 {[%clk 01:31:40]} {[%emt 00:00:15]} Nf6
{[%clk 01:31:52]} {[%emt 00:00:12]} 5. O-O {[%clk 01:31:48]} {[%emt 00:00:22]}
Be7 {[%clk 01:32:16]} {[%emt 00:00:06]} 6. Re1 {[%clk 01:31:48]} {[%emt
00:00:28]} b5 {[%clk 01:32:06]} {[%emt 00:00:41]} 7. Bb3 {[%clk 01:32:01]}
{[%emt 00:00:17]} d6 {[%clk 01:31:54]} {[%emt 00:00:43]} 8. c3 {[%clk
01:32:07]} {[%emt 00:00:22]} O-O {[%clk 01:31:55]} {[%emt 00:00:30]} 9. h3
{[%clk 01:32:16]} {[%emt 00:00:21]} Nb8 {[%clk 01:30:56]} {[%emt 00:01:29]} 10.
d4 {[%clk 01:32:12]} {[%emt 00:00:34]} Nbd7 {[%clk 01:31:21]} {[%emt 00:00:05]}
11. Nbd2 {[%clk 01:32:33]} {[%emt 00:00:09]} Bb7 {[%clk 01:31:39]} {[%emt
00:00:12]} 12. Bc2 {[%clk 01:32:47]} {[%emt 00:00:16]} Re8 {[%clk 01:31:32]}
{[%emt 00:00:37]} 13. Nf1 {[%clk 01:32:21]} {[%emt 00:00:55]} Bf8 {[%clk
01:31:54]} {[%emt 00:00:09]} 14. Ng3 {[%clk 01:32:24]} {[%emt 00:00:26]} g6
{[%clk 01:31:26]} {[%emt 00:00:58]} 15. a4 {[%clk 01:29:17]} {[%emt 00:03:37]}
Nb6 {[%clk 01:29:43]} {[%emt 00:02:14]} 16. b3 {[%clk 01:26:48]} {[%emt
00:02:59]} bxa4 {[%clk 00:56:19]} {[%emt 00:33:55]} 17. bxa4 {[%clk 01:26:52]}
{[%emt 00:00:26]} a5 {[%clk 00:56:44]} {[%emt 00:00:05]} 18. Bd3 {[%clk
01:13:21]} {[%emt 00:14:00]} Bc6 {[%clk 00:52:02]} {[%emt 00:05:12]} 19. d5
{[%clk 00:58:18]} {[%emt 00:15:33]} Bd7 {[%clk 00:51:34]} {[%emt 00:00:58]} 20.
c4 {[%clk 00:55:41]} {[%emt 00:03:07]} c5 {[%clk 00:48:11]} {[%emt 00:03:54]}
21. Ne2 {[%clk 00:48:59]} {[%emt 00:07:11]} Qc7 {[%clk 00:43:11]} {[%emt
00:05:30]} 22. Kh2 {[%clk 00:46:16]} {[%emt 00:03:11]} Bg7 {[%clk 00:41:50]}
{[%emt 00:01:53]} 23. Nc3 {[%clk 00:41:28]} {[%emt 00:05:17]} Nxe4 {[%clk
00:37:15]} {[%emt 00:05:05]} 24. Nxe4 {[%clk 00:38:56]} {[%emt 00:03:03]} f5
{[%clk 00:37:00]} {[%emt 00:00:45]} 25. Nfd2 {[%clk 00:37:20]} {[%emt
00:02:05]} fxe4 {[%clk 00:34:55]} {[%emt 00:02:35]} 26. Nxe4 {[%clk 00:37:35]}
{[%emt 00:00:14]} Bf5 {[%clk 00:33:21]} {[%emt 00:02:03]} 27. Qc2 {[%clk
00:35:14]} {[%emt 00:02:53]} Qd7 {[%clk 00:31:55]} {[%emt 00:01:55]} 28. f3
{[%clk 00:31:46]} {[%emt 00:03:57]} Ra7 {[%clk 00:25:30]} {[%emt 00:06:57]} 29.
Bd2 {[%clk 00:30:55]} {[%emt 00:01:20]} Qc7 {[%clk 00:24:37]} {[%emt 00:01:22]}
30. Reb1 {[%clk 00:26:44]} {[%emt 00:04:42]} Bd7 {[%clk 00:24:08]} {[%emt
00:00:58]} 31. h4 {[%clk 00:25:18]} {[%emt 00:01:56]} Qd8 {[%clk 00:14:22]}
{[%emt 00:10:16]} 32. g3 {[%clk 00:17:22]} {[%emt 00:08:26]} Nc8 {[%clk
00:08:27]} {[%emt 00:06:25]} 33. Kg2 {[%clk 00:15:26]} {[%emt 00:02:25]} Rf8
{[%clk 00:07:19]} {[%emt 00:01:38]} 34. Rh1 {[%clk 00:13:43]} {[%emt 00:02:13]}
Bf5 {[%clk 00:06:15]} {[%emt 00:01:35]} 35. g4 {[%clk 00:11:27]} {[%emt
00:02:46]} Bxe4 {[%clk 00:05:01]} {[%emt 00:01:44]} 36. Bxe4 {[%clk 00:11:53]}
{[%emt 00:00:04]} Bf6 {[%clk 00:01:21]} {[%emt 00:04:10]} 37. h5 {[%clk
00:11:28]} {[%emt 00:00:53]} g5 {[%clk 00:01:49]} {[%emt 00:00:04]} 38. Rab1
{[%clk 00:10:52]} {[%emt 00:04:42]} h6 {[%clk 00:01:31]} 39. Rb8 {[%clk
00:09:42]} {[%emt 00:00:06]} Qc7 {[%clk 00:01:33]} {[%emt 00:00:04]} 40. Rhb1
{[%clk 00:09:27]} {[%emt 00:00:06]} Ne7 {[%clk 00:00:42]} {[%emt 00:01:10]} 41.
R8b6 {[%clk 00:06:19]} {[%emt 00:03:37]} Rfa8 {[%clk 00:26:55]} {[%emt
00:04:17]} 42. Bf5 {[%clk 00:28:03]} {[%emt 00:08:46]} Kg7 {[%clk 00:23:57]}
{[%emt 00:03:28]} 43. Be6 {[%clk 00:26:03]} {[%emt 00:02:30]} Kh8 {[%clk
00:21:29]} {[%emt 00:02:59]} 44. R1b5 {[%clk 00:26:12]} {[%emt 00:00:20]} Nc8
{[%clk 00:20:07]} {[%emt 00:01:52]} 45. Rc6 {[%clk 00:25:10]} {[%emt 00:01:32]}
Qd8 {[%clk 00:20:33]} {[%emt 00:00:05]} 46. Qf5 {[%clk 00:25:12]} {[%emt
00:00:27]} 1-0

[Event "DEM U14 2024"]
[Site "Willingen GER"]
[Date "2024.05.19"]
[Round "2"]
[White "Mündörfer, Sebastian"]
[Black "Neuhoff, Laertes"]
[Result "1/2-1/2"]
[Termination "normal"]
[Board "8"]
[WhiteElo "1914"]
[BlackElo "2089"]
[WhiteClock "00:30:32"]
[BlackClock "00:19:26"]
[PlyCount "42"]
[WhiteFideId "34604367"]
[BlackFideId "16279719"]
[EventCountry "GER"]
[EventRounds "9"]
[EventType "swiss"]
[EventDate "2024.05.18"]

1. d4 {[%clk 01:30:56]} {[%emt 00:00:03]} d5 {[%clk 01:30:59]} {[%emt
00:00:02]} 2. c4 {[%clk 01:31:18]} {[%emt 00:00:07]} e6 {[%clk 01:31:28]}
{[%emt 00:00:01]} 3. Nc3 {[%clk 01:31:41]} {[%emt 00:00:07]} Nf6 {[%clk
01:31:57]} {[%emt 00:00:01]} 4. cxd5 {[%clk 01:31:34]} {[%emt 00:00:37]} exd5
{[%clk 01:32:18]} {[%emt 00:00:09]} 5. Bg5 {[%clk 01:31:49]} {[%emt 00:00:14]}
Be7 {[%clk 01:32:40]} {[%emt 00:00:09]} 6. e3 {[%clk 01:31:51]} {[%emt
00:00:27]} O-O {[%clk 01:32:58]} {[%emt 00:00:12]} 7. Bd3 {[%clk 01:31:28]}
{[%emt 00:00:53]} c6 {[%clk 01:33:05]} {[%emt 00:00:24]} 8. Qc2 {[%clk
01:31:18]} {[%emt 00:00:39]} Nbd7 {[%clk 01:33:25]} {[%emt 00:00:11]} 9. Nf3
{[%clk 01:31:04]} {[%emt 00:00:44]} Re8 {[%clk 01:33:38]} {[%emt 00:00:18]} 10.
O-O {[%clk 01:31:12]} {[%emt 00:00:21]} Nf8 {[%clk 01:34:05]} {[%emt 00:00:03]}
11. h3 {[%clk 01:31:24]} {[%emt 00:00:18]} Ng6 {[%clk 01:27:23]} {[%emt
00:07:11]} 12. Rab1 {[%clk 01:21:04]} {[%emt 00:10:49]} a5 {[%clk 01:26:33]}
{[%emt 00:01:19]} 13. a3 {[%clk 01:20:29]} {[%emt 00:01:06]} Bd6 {[%clk
01:19:09]} {[%emt 00:07:55]} 14. Nh4 {[%clk 01:00:02]} {[%emt 00:20:56]} Be7
{[%clk 01:01:02]} {[%emt 00:18:38]} 15. Nf3 {[%clk 00:56:04]} {[%emt 00:04:27]}
Ne4 {[%clk 00:49:54]} {[%emt 00:11:38]} 16. Bxe7 {[%clk 00:54:44]} {[%emt
00:01:50]} Qxe7 {[%clk 00:50:15]} {[%emt 00:00:09]} 17. b4 {[%clk 00:51:08]}
{[%emt 00:04:06]} Nh4 {[%clk 00:44:36]} {[%emt 00:06:08]} 18. Bxe4 {[%clk
00:37:35]} {[%emt 00:14:04]} dxe4 {[%clk 00:43:45]} {[%emt 00:01:21]} 19. Nxh4
{[%clk 00:34:38]} {[%emt 00:03:27]} Qxh4 {[%clk 00:43:25]} {[%emt 00:00:49]}
20. Rfc1 {[%clk 00:32:27]} {[%emt 00:02:40]} h5 {[%clk 00:26:38]} {[%emt
00:17:17]} 21. Ne2 {[%clk 00:30:32]} {[%emt 00:02:26]} Qe7 {[%clk 00:19:26]}
{[%emt 00:07:42]} 1/2-1/2

[Event "DEM U14 2024"]
[Site "Willingen GER"]
[Date "2024.05.19"]
[Round "2"]
[White "Xue, Luka"]
[Black "Uyar, Levin"]
[Result "1-0"]
[Termination "normal"]
[Board "9"]
[WhiteElo "2097"]
[BlackElo "1868"]
[WhiteClock "00:01:39"]
[BlackClock "00:30:07"]
[PlyCount "63"]
[WhiteFideId "16277252"]
[BlackFideId "16282108"]
[EventCountry "GER"]
[EventRounds "9"]
[EventType "swiss"]
[EventDate "2024.05.18"]

1. d4 {[%clk 01:30:58]} {[%emt 00:00:01]} d5 {[%clk 01:30:56]} {[%emt
00:00:05]} 2. c4 {[%clk 01:31:18]} {[%emt 00:00:10]} e6 {[%clk 01:31:22]}
{[%emt 00:00:04]} 3. Nc3 {[%clk 01:31:46]} {[%emt 00:00:03]} Nf6 {[%clk
01:31:46]} {[%emt 00:00:05]} 4. cxd5 {[%clk 01:32:14]} {[%emt 00:00:03]} exd5
{[%clk 01:32:07]} {[%emt 00:00:09]} 5. Bg5 {[%clk 01:32:41]} {[%emt 00:00:03]}
Nbd7 {[%clk 01:31:55]} {[%emt 00:00:42]} 6. e3 {[%clk 01:32:53]} {[%emt
00:00:18]} Be7 {[%clk 01:32:15]} {[%emt 00:00:10]} 7. Bd3 {[%clk 01:32:55]}
{[%emt 00:00:27]} c6 {[%clk 01:32:21]} {[%emt 00:00:25]} 8. Qc2 {[%clk
01:33:17]} {[%emt 00:00:07]} Nh5 {[%clk 01:26:42]} {[%emt 00:06:10]} 9. Bxe7
{[%clk 01:31:51]} {[%emt 00:01:57]} Qxe7 {[%clk 01:27:03]} {[%emt 00:00:08]}
10. Nge2 {[%clk 01:20:23]} {[%emt 00:11:58]} Ndf6 {[%clk 01:22:00]} {[%emt
00:05:33]} 11. h3 {[%clk 01:19:12]} {[%emt 00:01:41]} g6 {[%clk 01:18:02]}
{[%emt 00:04:28]} 12. g4 {[%clk 01:13:39]} {[%emt 00:06:02]} Ng7 {[%clk
01:18:05]} {[%emt 00:00:26]} 13. O-O-O {[%clk 01:12:34]} {[%emt 00:01:35]} O-O
{[%clk 01:11:09]} {[%emt 00:07:27]} 14. Rdg1 {[%clk 01:06:57]} {[%emt
00:06:07]} Re8 {[%clk 01:07:28]} {[%emt 00:04:12]} 15. Nf4 {[%clk 01:03:06]}
{[%emt 00:04:21]} Bd7 {[%clk 00:59:42]} {[%emt 00:08:15]} 16. Kb1 {[%clk
00:51:12]} {[%emt 00:12:25]} Rac8 {[%clk 00:55:26]} {[%emt 00:04:46]} 17. Qe2
{[%clk 00:44:04]} {[%emt 00:07:37]} Ne6 {[%clk 00:53:50]} {[%emt 00:02:07]} 18.
Qd1 {[%clk 00:37:33]} {[%emt 00:07:00]} Qd6 {[%clk 00:50:44]} {[%emt 00:03:36]}
19. Nxe6 {[%clk 00:37:15]} {[%emt 00:00:49]} Qxe6 {[%clk 00:45:24]} {[%emt
00:05:49]} 20. Qf3 {[%clk 00:32:47]} {[%emt 00:04:58]} Kg7 {[%clk 00:33:15]}
{[%emt 00:12:38]} 21. Ne2 {[%clk 00:27:49]} {[%emt 00:05:29]} Ne4 {[%clk
00:29:27]} {[%emt 00:04:18]} 22. Bxe4 {[%clk 00:17:47]} {[%emt 00:10:32]} Qxe4+
{[%clk 00:28:39]} {[%emt 00:01:17]} 23. Qxe4 {[%clk 00:18:16]} {[%emt
00:00:02]} dxe4 {[%clk 00:28:42]} {[%emt 00:00:27]} 24. Rc1 {[%clk 00:17:53]}
{[%emt 00:00:52]} Be6 {[%clk 00:28:37]} {[%emt 00:00:36]} 25. b4 {[%clk
00:15:30]} {[%emt 00:02:53]} b6 {[%clk 00:23:41]} {[%emt 00:06:21]} 26. Rc2
{[%clk 00:15:02]} {[%emt 00:00:03]} Re7 {[%clk 00:12:10]} {[%emt 00:12:00]} 27.
Rhc1 {[%clk 00:14:14]} {[%emt 00:01:18]} Rec7 {[%clk 00:09:56]} {[%emt
00:02:44]} 28. Kb2 {[%clk 00:12:17]} {[%emt 00:02:27]} Kh6 {[%clk 00:06:29]}
{[%emt 00:03:57]} 29. Nc3 {[%clk 00:07:51]} {[%emt 00:04:56]} Bc4 {[%clk
00:04:36]} {[%emt 00:02:22]} 30. g5+ {[%clk 00:04:56]} {[%emt 00:03:25]} Kh5
{[%clk 00:04:14]} {[%emt 00:00:52]} 31. Nxe4 {[%clk 00:04:10]} {[%emt
00:01:17]} Bd3 {[%clk 00:04:14]} {[%emt 00:00:30]} 32. Nd6 {[%clk 00:02:56]}
{[%emt 00:01:49]} Bxc2 {[%clk 00:03:37]} {[%emt 00:03:59]} 33. Nxc8 {[%clk
00:03:22]} Rxc8 {[%clk 00:02:33]} {[%emt 00:00:05]} 34. Rxc2 {[%clk 00:03:47]}
Kxg5 {[%clk 00:02:52]} {[%emt 00:00:02]} 35. Kb3 {[%clk 00:04:06]} {[%emt
00:00:01]} f5 {[%clk 00:01:25]} {[%emt 00:00:56]} 36. d5 {[%clk 00:03:24]}
{[%emt 00:01:12]} c5 {[%clk 00:01:44]} {[%emt 00:00:11]} 37. bxc5 {[%clk
00:03:45]} {[%emt 00:00:09]} bxc5 {[%clk 00:02:01]} {[%emt 00:00:13]} 38. d6
{[%clk 00:01:49]} {[%emt 00:02:26]} Kf6 {[%clk 00:01:37]} {[%emt 00:00:54]} 39.
Kc4 {[%clk 00:01:40]} {[%emt 00:00:39]} Ke6 {[%clk 00:01:19]} {[%emt 00:00:48]}
40. Rd2 {[%clk 00:01:51]} {[%emt 00:00:20]} g5 {[%clk 00:01:18]} {[%emt
00:00:30]} 41. d7 {[%clk 00:30:11]} {[%emt 00:02:10]} Rd8 {[%clk 00:31:15]}
{[%emt 00:00:32]} 42. Kxc5 {[%clk 00:30:03]} {[%emt 00:00:39]} h5 {[%clk
00:25:32]} {[%emt 00:06:12]} 43. Rd6+ {[%clk 00:26:08]} {[%emt 00:04:25]} Ke7
{[%clk 00:23:37]} {[%emt 00:02:25]} 44. Kc6 {[%clk 00:24:38]} {[%emt 00:02:00]}
h4 {[%clk 00:23:17]} {[%emt 00:00:50]} 45. Rh6 {[%clk 00:22:33]} {[%emt
00:02:35]} a5 {[%clk 00:16:24]} {[%emt 00:07:23]} 46. Rh7+ {[%clk 00:22:05]}
{[%emt 00:01:09]} Ke6 {[%clk 00:15:33]} {[%emt 00:03:08]} 47. Kc7 {[%clk
00:22:29]} 1-0